Daddy Yankee albums - Statistics

General Stats
  • This quiz has been taken 4 times
  • The average score is 7 of 11
Answer Stats
Picture Hint Answer % Correct
2004 Barrio Fino
100%
2022 Legendaddy
100%
2012 Prestige
100%
2002 ElCangri.com
67%
2007 El Cartel: The Big Boss
67%
2013 King Daddy
67%
2003 Los Homerun-es
67%
2010 Mundial
67%
2005 Barrio Fino En Directo
33%
2025 Lamento en Baile
33%
2008 Talento de Barrio
33%
No matching quizzes found
Score Distribution
Percent of People with Each Score
Percentile by Number Answered
Your Score History
You have not taken this quiz